Red Dead Redemption 2 Gangs - Statistics

General Stats
  • This quiz has been taken 282 times
  • The average score is 5 of 9
Answer Stats
Hint Answer % Correct
The Van Der Linde Gangs rivals O'driscolls
91%
They are the agency that are hunting you down Pinkertons
76%
They are a militia that are confederate soldiers Lemoyne Raiders
75%
Known for being sadistic and skinning in the tall trees region in West Elizabeth Skinner Brothers
67%
In Bayou areas like Lagras are psychopathic killers Night Folk
54%
They rule the forest around Annesburg they are super crazy Murfree Brood
51%
Mostly seen in Tumbleweed or Armadillo mostly mexican Del Lobo Gang
40%
Paid thugs that are paid by rich families looking to buy more land Laramie Gang
25%
They rule St. Denis and their boss is Angelo Bronte St. Denis Mob
23%
No matching quizzes found
Score Distribution
Percent of People with Each Score
Percentile by Number Answered
Your Score History
You have not taken this quiz